000 nam a22 7a 4500
999 _c10779
_d10779
008 180223b ||||| |||| 00| 0 eng d
100 _aBest Book Publication
_96621
245 _aU Like Business Studies- XII
260 _aNew Delhi
_c2015